Poesía francesa: antología
Gardado en:
| Autor Principal: | |
|---|---|
| Formato: | Libro |
| Idioma: | Lingua castelá |
| Publicado: |
Madrid
Guadarrama
1954
|
| Subjects: | |
| Tags: |
Engadir etiqueta
Sen Etiquetas, Sexa o primeiro en etiquetar este rexistro!
|
MARC
| LEADER | 00000nam a2200000 a 4500 | ||
|---|---|---|---|
| 001 | UCV9202 | ||
| 003 | CL-VaPUC | ||
| 008 | 920708e19540000SP |||||||||||||||||spa|d | ||
| 082 | 0 | 4 | |a 841 |b HOL |2 21 |
| 100 | |a Holguín, Andrés |e author |9 320131 | ||
| 245 | 1 | 0 | |a Poesía francesa: antología |
| 300 | |a 702 p | ||
| 942 | |c BK | ||
| 945 | |d 19920708 00:00:00 | ||
| 260 | |a Madrid |b Guadarrama |c 1954 | ||
| 650 | 0 | |a Poesías francesas |9 265467 | |
| 583 | |a last modification |c 19920708 00:00:00 |k Rodrigo Vera | ||
| 999 | |c 214575 |d 214573 | ||
| 952 | |0 0 |1 0 |4 0 |6 841_000000000000000_HOL_1954 |7 0 |8 P |9 198111 |a BIBARQ |b BIBARQ |d 2019-11-14 |i 2656779 |o 841 HOL 1954 |p 2656779 |r 2025-01-20 |w 2019-11-14 |y BK |k ARQ | ||
| 952 | |0 0 |1 0 |4 0 |6 841_000000000000000_HOL_1954 |7 0 |8 A |9 198112 |a BIBEDU |b BIBEDU |d 2019-11-14 |i 1436066 |o 841 HOL 1954 |p 1436066 |r 2019-11-14 |w 2019-11-14 |y BK |k LIT | ||